Geography Quiz

Random Geography or World Quiz

Tough Choices: Geography Edition Quiz Stats

 Plays Quiz Updated Aug 21, 2014

Support Sporcle.
Go Orange.
Score 0/21 Timer 07:00
0 Plays Today
Column A (Type A if Higher) A or B? % Correct
Colors on Canada's flag???
92.7%
Countries that the equator passes through???
84.3%
Wonders of the Ancient World???
83.3%
Canadian territories???
82.5%
Countries covered by the Sahara Desert???
81.5%
Countries of Africa???
81.4%
Population of Los Angeles, California (2012, millions)???
81.3%
Continents of the world???
80.5%
U.S. States???
77.9%
Stars on China's flag???
63.1%
Countries drained by the Amazon Basin???
59.8%
Column A (Type A if Higher) A or B? % Correct
Population of the agglomeration of Shanghai
(millions of people, 2013)
???
55.2%
Main islands that compose Hawaii???
53.6%
Countries of the world that are more than one word long???
53.2%
Countries that border or are part of the Caribbean???
53%
Countries that the Himalayas abut or pass through???
47.6%
U.S. states beginning with a vowel???
45.1%
World capitals beginning with ''A''???
38.9%
Countries containing two ''Y''s???
38.1%
Landlocked countries???
36.2%
States and territories of Australia???
28.1%

You're not logged in!

Compare scores with friends on all Sporcle quizzes.
OR
Log In

From the Vault

World Cup Hosts by Year

by christopherjulia

What's the over/under on Mars hosting in the next 300 hundred years?
Remove Ads.
Support Sporcle.
Get the best of Sporcle when you Go Orange. This ad-free experience offers more features, more stats, and more fun while also helping to support Sporcle. Thank you for becoming a member.

Show Comments

Extras

Top Quizzes Today


Score Distribution

Your Account Isn't Verified!

In order to create a playlist on Sporcle, you need to verify the email address you used during registration. Go to your Sporcle Settings to finish the process.

Report this User

Report this user for behavior that violates our Community Guidelines.

Details: